000 00322nam a22001457a 4500
008 180814b xxu||||| |||| 00| 0 eng d
020 _a0967302919
041 _aeng
080 _a37
082 _a37
100 _a25
101 _aEDU
245 _aProtecting study volunteers in research
_cDunn.C.M
942 _2udc
_cBK
999 _c47111
_d47111